TIM 18 : Physics Conference : Faculty of Physics Timişoara, 24th - 26th May 2018 : Abstract Book

Saved in:
Bibliographic Details
Corporate Author: Physics Conference Timişoara, Rumunsko (TIM 18)
Format: Conference Proceeding Book
Language:English
Published: Timişoara : UVT, 2018
Edition:1. vyd.
Tags: Add Tag
No Tags, Be the first to tag this record!

MARC

LEADER 00000nam a22000003a 4500
001 0065386
003 SK-STU
005 20180606090936.5
007 ta
008 180605s ----xo-----e------100-0-----d
040 |a STU  |b slo 
041 0 |a eng 
044 |a rm 
111 2 |a Physics Conference  |d 24.-26.5.2018 :  |c Timişoara, Rumunsko.  |e TIM 18 
245 1 0 |a TIM 18 :  |h [elektronický zdroj] :  |b Physics Conference : Faculty of Physics Timişoara, 24th - 26th May 2018 : Abstract Book 
250 |a 1. vyd. 
260 |a Timişoara :  |b UVT,  |c 2018 
300 |a 1 CD-ROM 
996 |b 284M087758  |c M* CD-2719  |l MMKN  |s A  |a 24  |w 0065386_0001 
996 |b 284M087759  |c M* CD-2720  |l MMKN  |s A  |a 24  |w 0065386_0002